Vista normal
Vista MARC
Entrada Topical Term
Número de registros utilizados en: 2
001 - CONTROL NUMBER
- control field: 2053
003 - CONTROL NUMBER IDENTIFIER
- control field: OSt
005 - DATE AND TIME OF LATEST TRANSACTION
- control field: 20200328003249.0
008 - FIXED-LENGTH DATA ELEMENTS
- fixed length control field: 200328|| aca||aabn | a|a d
040 ## - CATALOGING SOURCE
- Original cataloging agency: OSt
- Transcribing agency: OSt
150 ## - HEADING--TOPICAL TERM
- Topical term or geographic name entry element: Reformas constitucionales
670 ## - SOURCE DATA FOUND
- Source citation: Work cat.: (OSt)5142: Tafur Galvis, Álvaro, autor 2051, La constitución de 1991 y la modernización del estado Colombiano : , 1993